000 00282nam a22001097a 4500
008 170110b xxu||||| |||| 00| 0 eng d
020 _a9780874934786
041 _aeng
080 _a618.2
245 _aHEARTSAVER FIRST AID WITH CPR & AED
_cAMERICAN HEART ASSOCIATION
942 _2udc
_cBK
999 _c2625
_d2625